| 000 | 00549nam a2200181Ia 4500 | ||
|---|---|---|---|
| 003 | GCL | ||
| 008 | 140319s9999 xx 000 0 ara d | ||
| 040 |
_aGCL / _cGCL |
||
| 082 | 0 | 4 |
_a812.9 _bم م |
| 100 | 1 | _aمحمد سلماوى | |
| 245 | 1 | 0 |
_aمسرحية اتنين فى البلاعة قصة حب عصرية / _cمحمد سلماوى |
| 260 |
_a[S.N] : _bدار الفاء العربى ، _c1987 |
||
| 300 | _a123 ص | ||
| 490 | _a | ||
| 650 | 0 | 4 | _aالادب العربى |
| 650 | 0 | 4 | _aالمسرحيات العربية |
| 942 |
_2ddc _cBK |
||
| 999 |
_c29701 _d29701 |
||